000 00602nam a2200241Ia 4500
003 OSt
005 20221005122238.0
006 a|||||r|||| 00| 0
007 ta
008 221004b |||||||| |||| 00| 0 eng d
024 _a52679
037 _cTextual
040 _aCRL
_cCRL
_beng
041 _2eng
_aeng
082 _aQ72D765, F2
100 _aIvanow W
_9625218
245 0 _aIsmailitica
260 _c1922
490 _aMemories of the Asiatic society of Bengal,v 8,N0.1.
650 _aRELIGION
942 _hQ72D765, F2
_cTEXL
_2cc
999 _c1043728
_d1043728